Online Catalogue and eLibrary

Gendering humanitarianism : (Record no. 643)

MARC details
000 -LEADER
fixed length control field 00548nam a2200181Ia 4500
005 - DATE AND TIME OF LATEST TRANSACTION
control field 20240626023238.0
008 - FIXED-LENGTH DATA ELEMENTS--GENERAL INFORMATION
fixed length control field 240331s9999 xx 000 0 und d
020 ## - INTERNATIONAL STANDARD BOOK NUMBER
ISBN 9555800545
082 ## - DDC Classification
Class No. 016.3
Item Number - Author Mark LOG
100 ## - MAIN ENTRY--PERSONAL NAME
Personal name Loganathan, B
245 #0 - TITLE STATEMENT
Title Gendering humanitarianism :
Remainder of title an annoteted bibliography on gender and capacity building in armed conflict
260 ## - PUBLICATION, DISTRIBUTION, ETC.
Place of publication, distribution, etc. Colombo
Name of publisher, distributor, etc. International Centre for Ethnic Studies,
Date of publication, distribution, etc. 2000
300 ## - PHYSICAL DESCRIPTION
Extent (e.g. Volumes, Pages etc.) 198 p. .,
650 ## - SUBJECT ADDED ENTRY--TOPICAL TERM
Topical term or geographic name entry element Armed conflict
650 ## - SUBJECT ADDED ENTRY--TOPICAL TERM
Topical term or geographic name entry element Women
650 ## - SUBJECT ADDED ENTRY--TOPICAL TERM
Topical term or geographic name entry element Humanitarian assistance
942 ## - Koha item type (Biblio)
Koha item type Books in Stacks (Lending)
Holdings
Lost status Damaged status Collection code Home library Current library Shelving location Date acquired Full call number Accession Number Item type
    Lending WERC Library WERC Library Social Science Cupboard 03/31/2024 016.3 LOG 6954 Books in Stacks (Lending)

© WERC Library